One Piece- Dans quel arc Zoro porte-t-il cette tenue ? - Statistiques

Statistiques générales
  • Ce quiz a été pris 87 fois
  • Le résultat moyen est 11 sur 14
Statistiques - réponses
Par images Réponse % Correct
Wano
93%
Alabasta
92%
Drum
92%
Egghead
92%
Dressrosa
88%
Enies Lobby
82%
Elbaf
81%
Punk Hazard
77%
Sabaody
73%
Arlong Park
70%
Skypiea
70%
Onigashima
66%
Retour à Sabaody/ Ile des Hommes Poissons
57%
Romance Dawn
43%
Aucun quiz correspondant
Distribution des résultats
% des personnes avec chaque résultat
Percentile par nombre de réponses
Votre historique - résultats
Vous n’avez pas pris ce quiz